Normal view
MARC view
- Grayson, Mark , Shatzkamer, Kevin , Wainner, Scott
Entry Personal Name
001 - CONTROL NUMBER
- control field: 68750
003 - CONTROL NUMBER IDENTIFIER
- control field: NUST
005 - DATE AND TIME OF LATEST TRANSACTION
- control field: 20210628204112.0
008 - FIXED-LENGTH DATA ELEMENTS
- fixed length control field: 210628|| aca||aabn | a|a d
040 ## - CATALOGING SOURCE
- Original cataloging agency: NUST
- Transcribing agency: NUST
100 ## - HEADING--PERSONAL NAME
- Personal name: Grayson, Mark , Shatzkamer, Kevin , Wainner, Scott
670 ## - SOURCE DATA FOUND
- Source citation: Work cat.: (NUST): Grayson, Mark , Shatzkamer, Kevin , Wainner, Scott, Ip design for mobile networks , revolutionizing the architecture and implementation of mobile networks, 2012
